Najwięcej złotych medali MŚ Indywidualnie - Statystyki

Ogólne statystyki
  • Ten quiz został rozwiązany 213 razy
  • Średni wynik to 4 z 11
Statystyki odpowiedzi
Kraj Suma Zawodnik % Poprawnych
1 Polska 4 Adam Małysz
99%
2 Austria 3 Stefan Kraft
79%
3 Finlandia 2 Janne Ahonen
69%
3 Niemcy 2 Martin Schmitt
45%
3 Niemcy 2 Jens Weissflog
42%
3 Japonia 2 Masahiko Harada
27%
2 Norwegia 3 Birger Ruud
17%
3 Norwegia 2 Bjoern Wirkola
6%
3 NRD 2 Hans Georg Aschenbach
6%
3 Niemcy 2 Carina Vogt
4%
3 ZSRR 2 Gari Napalkov
4%
Nie znaleziono quizów pasujących do podanych kryteriów
Rozkład punktacji
Procent ludzi z każdym wynikiem
Percentyl według liczby udzielonych odpowiedzi
Twoja historia wyników
Nie rozwiązałeś tego quizu